Statystyki dla Dzielnice Gdańska - Quiz na mapie

Kliknij tutaj aby rozwiązać quiz!

Ogólne statystyki

  • Ten quiz został rozwiązany 37 razy
  • Średni wynik to 11 z 35

Odpowiedzi na mapie

Odpowiedzi skodowane kolorowo w zielono-czerwonej skali na mapie do tego quizu, zgodnie z poniższymi procentami.
Ładowanie ...
 

Statystyki odpowiedzi

Odpowiedź% Poprawnych
Wyspa Sobieszewska
58%
Stogi
46%
Żabianka-Wejhera-Jelitkowo-Tysiąclecia
46%
Nowy Port
46%
Oliwa
42%
Orunia Górna-Gdańsk Południe
42%
Brzeźno
35%
Orunia-Św. Wojciech-Lipce
35%
Przymorze Małe
35%
Wzgórze Mickiewicza
35%
Rudniki
35%
Suchanino
35%
Piecki-Migowo
35%
Przymorze Wielkie
35%
Wrzeszcz Górny
35%
Śródmieście
35%
Przeróbka
35%
Wrzeszcz Dolny
35%
Letnica
35%
Olszynka
31%
Ujeścisko-Łostowice
31%
Siedlce
31%
Zaspa-Młyniec
27%
Aniołki
27%
VII Dwór
27%
Jasień
27%
Krakowiec-Górki Zachodnie
23%
Młyniska
23%
Zaspa-Rozstaje
23%
Strzyża
23%
Brętowo
23%
Osowa
23%
Chełm
19%
Matarnia
19%
Kokoszki
15%

Rozkład punktacji

Percentyl według liczby udzielonych odpowiedzi

Procent ludzi z każdym wynikiem

Twoja historia wyników

Nie rozwiązałeś tego quizu